[Event "Nabereznye Chelny op 8th"]
[Site "Nabereznye Chelny"]
[Date "2010.01.23"]
[Round "5"]
[White "Akhmadeev, Vadim"]
[Black "Tukhvatullin, Vladislav"]
[Result "0-1"]
[WhiteElo "2429"]
[BlackElo "2256"]
[PlyCount "117"]
[EventDate "2010.01.19"]
[EventType "swiss"]
[EventRounds "9"]
[EventCountry "RUS"]
[SourceTitle "CBM 134 Extra"]
[Source "ChessBase"]
[SourceDate "2010.03.03"]
[SourceVersion "1"]
[SourceVersionDate "2010.03.03"]
[SourceQuality "1"]

1. d4 Nf6 2. c4 g6 3. Nc3 Bg7 4. e4 d6 5. f3 c6 6. Be3 a6 7. Bd3 Nbd7 8. Nge2 b5 9. 0-0 0-0 10. Qd2 bxc4 11. Bxc4 a5 12. b3 Nb6 13. Bd3 Ba6 14. Bxa6 Rxa6 15. Rac1 Qa8 16. Bh6 Nfd7 17. Bxg7 Kxg7 18. f4 f5 19. exf5 gxf5 20. Ng3 Rf7 21. Rce1 Nf8 22. Nh5+ Kg8 23. Rf3 a4 24. Rg3+ Ng6 25. b4 Qc8 26. d5 c5 27. b5 Ra7 28. Qe3 Rb7 29. Rg5 c4 30. Ng3 Kf8 31. Qd4 Ke8 32. Re6 Nf8 33. Rg8 Nbd7 34. Rg5 Nc5 35. Re3 Nd3 36. Nh5 Ng6 37. Ng7+ Rxg7 38. Qxg7 Qc5 39. Nd1 Ngxf4 40. Rxf5 Kd8 41. Qf8+ Kc7 42. Qxe7+ Kb6 43. Qe8 Nxd5 44. Kh1 c3 45. Qd8+ Qc7 46. Qxc7+ Rxc7 47. Rxd5 c2 48. Rxd6+ Kb7 49. Rexd3 c1Q 50. h3 Re7 51. Rd2 Qc7 52. b6 Qc5 53. Kh2 Qe5+ 54. g3 h5 55. R6d5 Qe1 56. Nc3 Rf7 57. Rd7+ Rxd7 58. Rxd7+ Kxb6 59. Rd3 0-1

[Event "Nabereznye Chelny op 8th"]
[Site "Nabereznye Chelny"]
[Date "2010.01.22"]
[Round "4"]
[White "Frolyanov, Dmitry"]
[Black "Akhmadeev, Vadim"]
[Result "1-0"]
[WhiteElo "2576"]
[BlackElo "2429"]
[PlyCount "49"]
[EventDate "2010.01.19"]
[EventType "swiss"]
[EventRounds "9"]
[EventCountry "RUS"]
[SourceTitle "CBM 134 Extra"]
[Source "ChessBase"]
[SourceDate "2010.03.03"]
[SourceVersion "1"]
[SourceVersionDate "2010.03.03"]
[SourceQuality "1"]

1. e4 c5 2. Nf3 d6 3. d4 cxd4 4. Nxd4 Nf6 5. Nc3 Nc6 6. Bg5 Qb6 7. Nb3 e6 8. Qd2 a6 9. Bxf6 gxf6 10. 0-0-0 Qc7 11. f4 b5 12. Kb1 Bd7 13. f5 b4 14. Ne2 a5 15. Nbd4 Nxd4 16. Nxd4 Qc5 17. fxe6 fxe6 18. b3 Bg7 19. Bc4 Ke7 20. Rhe1 Rhe8 21. Qd3 Kf8 22. Qh3 f5 23. exf5 Bxd4 24. fxe6 Bc6 25. Qxh7 1-0

[Event "Nabereznye Chelny op 8th"]
[Site "Nabereznye Chelny"]
[Date "2010.01.20"]
[Round "2"]
[White "Shushkareev, Gajnulla"]
[Black "Akhmadeev, Vadim"]
[Result "1/2-1/2"]
[WhiteElo "2238"]
[BlackElo "2429"]
[PlyCount "107"]
[EventDate "2010.01.19"]
[EventType "swiss"]
[EventRounds "9"]
[EventCountry "RUS"]
[SourceTitle "CBM 134 Extra"]
[Source "ChessBase"]
[SourceDate "2010.03.03"]
[SourceVersion "1"]
[SourceVersionDate "2010.03.03"]
[SourceQuality "1"]

1. e4 c5 2. Nf3 d6 3. d4 cxd4 4. Nxd4 Nf6 5. Nc3 Nc6 6. Bc4 Qb6 7. Nxc6 bxc6 8. 0-0 g6 9. Qe1 Qc5 10. b3 Bg7 11. Bb2 0-0 12. h3 Qb6 13. e5 Ne8 14. Na4 Qc7 15. f4 Bf5 16. Rf2 Qc8 17. Rd1 d5 18. Bf1 Nc7 19. c4 dxc4 20. Bxc4 Rd8 21. Rfd2 Rxd2 22. Qxd2 h5 23. Qf2 Ne6 24. Ba3 Bf8 25. Kh2 Qc7 26. Nc5 Qb6 27. Rd2 Nc7 28. Bb2 Nd5 29. Bd4 Qa5 30. e6 fxe6 31. Re2 Kf7 32. Ne4 Bh6 33. g3 Kg8 34. Nc5 Kf7 35. Nd7 Qc7 36. Ne5+ Kg8 37. Re1 Rf8 38. h4 a5 39. a4 Bg7 40. Rc1 Qb7 41. Qd2 Ra8 42. Nf3 Bxd4 43. Nxd4 Qb6 44. Nxf5 gxf5 45. Qe2 Kf8 46. Re1 Rd8 47. Qxe6 Qf2+ 48. Kh3 Nxf4+ 49. gxf4 Qf3+ 50. Kh2 Qxf4+ 51. Kg2 Qg4+ 52. Kf1 Qf3+ 53. Kg1 Qg3+ 54. Kf1 1/2-1/2

[Event "Tatarstan-ch op"]
[Site "Kazan"]
[Date "2009.08.21"]
[Round "2"]
[White "Akhmadeev, Vadim"]
[Black "Toropov, Pavel"]
[Result "1-0"]
[WhiteElo "2425"]
[BlackElo "2187"]
[PlyCount "69"]
[EventDate "2009.08.20"]
[EventType "swiss"]
[EventRounds "9"]
[EventCountry "RUS"]
[SourceTitle "EXT 2010"]
[Source "ChessBase"]
[SourceDate "2010.11.25"]
[SourceVersion "1"]
[SourceVersionDate "2010.11.25"]
[SourceQuality "1"]

1. d4 d5 2. c4 c6 3. Nc3 Nf6 4. e3 e6 5. Nf3 Nbd7 6. Qc2 Be7 7. Bd3 dxc4 8. Bxc4 c5 9. 0-0 0-0 10. Rd1 a6 11. dxc5 Bxc5 12. Bd3 Qe7 13. Bd2 b5 14. Ne4 Bb4 15. Bxb4 Qxb4 16. a3 Qe7 17. Qc6 Rb8 18. Nd6 Rd8 19. Rac1 Nf8 20. Nxc8 Rbxc8 21. Qxc8 Rxc8 22. Rxc8 g6 23. Be2 Kg7 24. Ne5 Qb7 25. Rcc1 Qe4 26. Nc6 e5 27. Bd3 Qh4 28. Nxe5 Ne6 29. Nf3 Qh6 30. h3 g5 31. Bf5 g4 32. hxg4 Ng5 33. Nd4 Qh4 34. Bc8 Kf8 35. Nf5 1-0

[Event "Nezhmetdinov Memorial 31st"]
[Site "Kazan"]
[Date "2009.06.08"]
[Round "9"]
[White "Gerasimov, Ivan"]
[Black "Akhmadeev, Vadim"]
[Result "1-0"]
[WhiteElo "2346"]
[BlackElo "2419"]
[PlyCount "69"]
[EventDate "2009.05.31"]
[EventType "swiss"]
[EventRounds "9"]
[EventCountry "RUS"]
[SourceTitle "CBM 130 Extra"]
[Source "ChessBase"]
[SourceDate "2009.07.02"]
[SourceVersion "2"]
[SourceVersionDate "2009.07.15"]
[SourceQuality "1"]

1. e4 c5 2. Nf3 d6 3. d4 cxd4 4. Nxd4 Nf6 5. Nc3 Nc6 6. Bc4 Qb6 7. Nde2 e6 8. Bb3 a6 9. Be3 Qc7 10. Qd2 b5 11. f3 Be7 12. g4 0-0 13. g5 Nd7 14. f4 Nc5 15. Ng3 Rd8 16. 0-0-0 Nxb3+ 17. axb3 Qa5 18. Kb1 Nb4 19. f5 Bf8 20. h4 Bd7 21. Qf2 Rab8 22. g6 f6 23. gxh7+ Kh8 24. h5 Rdc8 25. h6 Nxc2 26. hxg7+ Bxg7 27. Qxc2 b4 28. Rxd6 Be8 29. Nge2 bxc3 30. Nxc3 exf5 31. Qg2 Rb7 32. Bh6 Qc7 33. Nd5 Qf7 34. Rb6 Rxb6 35. Bxg7+ 1-0

[Event "Nezhmetdinov Memorial 31st"]
[Site "Kazan"]
[Date "2009.05.31"]
[Round "1"]
[White "Gorozhankina, Julia"]
[Black "Akhmadeev, Vadim"]
[Result "0-1"]
[WhiteElo "2080"]
[BlackElo "2419"]
[PlyCount "72"]
[EventDate "2009.05.31"]
[EventType "swiss"]
[EventRounds "9"]
[EventCountry "RUS"]
[SourceTitle "CBM 130 Extra"]
[Source "ChessBase"]
[SourceDate "2009.07.02"]
[SourceVersion "2"]
[SourceVersionDate "2009.07.15"]
[SourceQuality "1"]

1. e4 c5 2. Nf3 d6 3. Bb5+ Nd7 4. d4 Ngf6 5. Nc3 cxd4 6. Qxd4 a6 7. Bxd7+ Bxd7 8. Bg5 Bc6 9. 0-0 e6 10. Rad1 Be7 11. Qd3 0-0 12. Nd4 Rc8 13. Kh1 b5 14. Nxc6 Rxc6 15. Ne2 Nd7 16. Bxe7 Qxe7 17. Nd4 Rb6 18. f4 Nf6 19. Nf3 Rc6 20. c3 h6 21. Rd2 Rd8 22. Ra1 Rc4 23. Re2 Qb7 24. Nd4 Rdc8 25. Rae1 b4 26. Nb3 Qb6 27. Nd2 R4c6 28. c4 a5 29. b3 a4 30. Nf3 axb3 31. axb3 Ra8 32. Nd4 Rc5 33. Nb5 d5 34. e5 Ne4 35. Qe3 Rac8 36. Rb2 Rxb5 0-1

[Event "Muhamedzjanov Memorial 6th"]
[Site "Nabereznye Chelny"]
[Date "2009.05.26"]
[Round "7"]
[White "Akhmadeev, Vadim"]
[Black "Andreev, Eduard"]
[Result "1/2-1/2"]
[WhiteElo "2419"]
[BlackElo "2458"]
[PlyCount "34"]
[EventDate "2009.05.21"]
[EventType "tourn"]
[EventRounds "10"]
[EventCountry "RUS"]
[SourceTitle "EXT 2010"]
[Source "ChessBase"]
[SourceDate "2010.11.25"]
[SourceVersion "1"]
[SourceVersionDate "2010.11.25"]
[SourceQuality "1"]

1. d4 Nf6 2. c4 e6 3. Nc3 Bb4 4. Qc2 0-0 5. a3 Bxc3+ 6. Qxc3 b6 7. Bg5 Ba6 8. e3 d6 9. Nf3 Nbd7 10. Bd3 h6 11. Bh4 c5 12. b4 cxd4 13. exd4 Rc8 14. Qb3 e5 15. Be2 exd4 16. Nxd4 Re8 17. b5 Re4 1/2-1/2

[Event "Muhamedzjanov Memorial 6th"]
[Site "Nabereznye Chelny"]
[Date "2009.05.26"]
[Round "8"]
[White "Romanenko, Vladimir"]
[Black "Akhmadeev, Vadim"]
[Result "1/2-1/2"]
[WhiteElo "2490"]
[BlackElo "2419"]
[PlyCount "116"]
[EventDate "2009.05.21"]
[EventType "tourn"]
[EventRounds "10"]
[EventCountry "RUS"]
[SourceTitle "EXT 2010"]
[Source "ChessBase"]
[SourceDate "2010.11.25"]
[SourceVersion "1"]
[SourceVersionDate "2010.11.25"]
[SourceQuality "1"]

1. e4 c5 2. Nf3 d6 3. d4 cxd4 4. Nxd4 Nf6 5. Nc3 Nc6 6. Bc4 Qb6 7. Nb3 e6 8. Bf4 Ne5 9. Be2 a6 10. Qd2 Be7 11. f3 0-0 12. g4 Qc7 13. g5 Nfd7 14. 0-0-0 b5 15. h4 Nb6 16. h5 b4 17. Nb1 Nec4 18. Qxb4 e5 19. Bxc4 Nxc4 20. N3d2 Be6 21. Qc3 Rfc8 22. b3 exf4 23. Nxc4 Bxc4 24. h6 Bf8 25. hxg7 Bxg7 26. Qxc4 Qa5 27. b4 Rxc4 28. bxa5 Rac8 29. Rh2 Be5 30. Rd5 Kg7 31. a3 Kg6 32. Rdd2 R4c5 33. c3 Rxa5 34. Rh6+ Kg7 35. Kc2 Rac5 36. Rdh2 Rh8 37. Rh1 a5 38. Kb3 a4+ 39. Kc2 Rc6 40. Kd3 Rhc8 41. Rxh7+ Kg8 42. g6 fxg6 43. Ra7 Bxc3 44. Rg1 Be5 45. Rxg6+ Kf8 46. Rg5 R6c7 47. Rxa4 Rc1 48. Rb4 Re1 49. Rb7 Rcc1 50. Rf5+ Ke8 51. Rg5 Kf8 52. Rf5+ Ke8 53. Rb8+ Ke7 54. Rb7+ Ke6 55. Rff7 Bf6 56. Rf8 Be5 57. Rff7 Bf6 58. Rf8 Be5 1/2-1/2

[Event "Privolzhskogo FO-ch"]
[Site "Kazan"]
[Date "2009.01.26"]
[Round "6"]
[White "Panchenko, Alexander N"]
[Black "Akhmadeev, Vadim"]
[Result "0-1"]
[WhiteElo "2279"]
[BlackElo "2424"]
[PlyCount "76"]
[EventDate "2009.01.21"]
[EventType "swiss"]
[EventRounds "9"]
[EventCountry "RUS"]
[SourceTitle "EXT 2010"]
[Source "ChessBase"]
[SourceDate "2010.11.25"]
[SourceVersion "1"]
[SourceVersionDate "2010.11.25"]
[SourceQuality "1"]

1. c4 e6 2. Nf3 d5 3. g3 Nf6 4. Bg2 Be7 5. 0-0 0-0 6. d4 dxc4 7. Qc2 a6 8. a4 Bd7 9. Qxc4 Bc6 10. Bg5 a5 11. Bxf6 Bxf6 12. Nc3 Na6 13. e4 Nb4 14. Rfd1 Re8 15. Rac1 Rc8 16. Ne1 Be7 17. f4 b6 18. Nf3 Bb7 19. Qb3 c5 20. Nb5 Bxe4 21. Ne5 Bxg2 22. Kxg2 cxd4 23. Rxc8 Qxc8 24. Rxd4 Rd8 25. Qc3 Bc5 26. Rxd8+ Qxd8 27. Qf3 f6 28. Nc6 Qd2+ 29. Kh3 Nd3 30. Nc3 Nf2+ 31. Kg2 Qe1 32. g4 Qh1+ 33. Kg3 Qg1+ 34. Qg2 Nh1+ 35. Kh3 Qe3+ 36. Kh4 Qe1+ 37. Kh3 Nf2+ 38. Kh4 Ne4+ 0-1

[Event "Privolzhskogo FO-ch"]
[Site "Kazan"]
[Date "2009.01.23"]
[Round "3"]
[White "Akhmadeev, Vadim"]
[Black "Aldokhin, Ivan"]
[Result "1-0"]
[WhiteElo "2424"]
[BlackElo "2251"]
[PlyCount "97"]
[EventDate "2009.01.21"]
[EventType "swiss"]
[EventRounds "9"]
[EventCountry "RUS"]
[SourceTitle "EXT 2010"]
[Source "ChessBase"]
[SourceDate "2010.11.25"]
[SourceVersion "1"]
[SourceVersionDate "2010.11.25"]
[SourceQuality "1"]

1. d4 Nf6 2. c4 e6 3. Nc3 c5 4. d5 exd5 5. cxd5 d6 6. Nf3 g6 7. Nd2 Nbd7 8. e4 Bg7 9. Be2 0-0 10. 0-0 Re8 11. a4 b6 12. Qc2 a6 13. Nc4 Ne5 14. Nxe5 Rxe5 15. Bf4 Re8 16. h3 Ra7 17. Bh2 Rae7 18. f3 Qc7 19. Kh1 c4 20. Rfd1 Nd7 21. Bf1 Bb7 22. Rac1 Rc8 23. Qd2 Qb8 24. Na2 b5 25. axb5 axb5 26. Qb4 Rc5 27. Nc3 Be5 28. Ra1 Bxh2 29. Kxh2 Bc8 30. Ra5 Nf6 31. Rxb5 Rxb5 32. Qxb5 Rb7 33. Qxc4 Rxb2 34. Nb5 Kg7 35. Nd4 Bd7 36. Qc3 Qb6 37. Bc4 Rb4 38. Rc1 h5 39. Nc2 Rb2 40. Ne3 Rf2 41. Nd1 h4 42. Nxf2 Qxf2 43. Qe1 Qb2 44. Kh1 g5 45. Qc3 Qf2 46. e5 dxe5 47. Qxe5 Qd2 48. Ra1 Bc8 49. Rb1 1-0

[Event "Tatarstan-ch op"]
[Site "Kazan"]
[Date "2008.08.29"]
[Round "9"]
[White "Akhmadeev, Vadim"]
[Black "Gabdrakhmanov, Rafail"]
[Result "1/2-1/2"]
[WhiteElo "2397"]
[BlackElo "2386"]
[PlyCount "79"]
[EventDate "2008.08.21"]
[EventType "swiss"]
[EventRounds "9"]
[EventCountry "RUS"]
[SourceTitle "EXT 2010"]
[Source "ChessBase"]
[SourceDate "2010.11.25"]
[SourceVersion "1"]
[SourceVersionDate "2010.11.25"]
[SourceQuality "1"]

1. d4 d5 2. c4 c6 3. Nc3 Nf6 4. e3 a6 5. Qc2 b5 6. b3 g6 7. Bd3 Bg7 8. Nf3 0-0 9. 0-0 Nbd7 10. Bb2 Bb7 11. c5 Qc7 12. b4 a5 13. a3 e5 14. Nxe5 Nxe5 15. dxe5 Ng4 16. h3 Nxe5 17. Ne2 Rfe8 18. Bd4 Qe7 19. Qc3 Bc8 20. Bc2 Qh4 21. f4 f6 22. e4 Nc4 23. Qg3 Qxg3 24. Nxg3 Nd2 25. Rfe1 axb4 26. axb4 Rxa1 27. Bxa1 dxe4 28. Bc3 Nc4 29. Nxe4 Kf8 30. Kf2 f5 31. Bxg7+ Kxg7 32. Nd6 Rxe1 33. Kxe1 Nxd6 34. cxd6 Kf6 35. Kd2 Ke6 36. Ke3 Kxd6 37. Kd4 Be6 38. g3 h5 39. Bd1 Bd5 40. Bc2 1/2-1/2

[Event "Nezhmetdinov Memorial 30th"]
[Site "Kazan"]
[Date "2008.06.06"]
[Round "6"]
[White "Akhmadeev, Vadim"]
[Black "Iskusnyh, Sergei"]
[Result "1-0"]
[WhiteElo "2397"]
[BlackElo "2467"]
[PlyCount "127"]
[EventDate "2008.06.01"]
[EventType "swiss"]
[EventRounds "9"]
[EventCountry "RUS"]
[SourceTitle "EXT 2009"]
[Source "ChessBase"]
[SourceDate "2008.11.26"]
[SourceVersion "1"]
[SourceVersionDate "2008.11.26"]
[SourceQuality "1"]

1. d4 d6 2. e4 Nf6 3. Nc3 g6 4. Bg5 Bg7 5. Qd2 h6 6. Be3 Ng4 7. Bf4 e5 8. dxe5 Nxe5 9. Be2 Nbd7 10. Nf3 Nxf3+ 11. Bxf3 Ne5 12. Be2 Be6 13. 0-0 g5 14. Be3 Ng6 15. Bd4 Be5 16. Bxe5 dxe5 17. Qe3 c6 18. Rfd1 Qb6 19. Qxb6 axb6 20. a4 Ke7 21. Rab1 Rad8 22. Rxd8 Rxd8 23. g3 g4 24. Kf1 Nf8 25. Ke1 Nh7 26. Rd1 Rd4 27. Bd3 Ng5 28. b3 Rd8 29. Ke2 h5 30. Ke3 Rh8 31. Be2 Rf8 32. h4 Nh7 33. Nb1 f5 34. exf5 Bxf5 35. Bd3 Bxd3 36. Rxd3 Nf6 37. Nc3 Ke6 38. Ke2 e4 39. Rd4 Ke5 40. Rb4 Rf7 41. Ke3 Nd5+ 42. Nxd5 cxd5 43. Rxb6 Rf3+ 44. Ke2 Rc3 45. Kd2 Rc7 46. Rh6 Rf7 47. Rxh5+ Kd6 48. Ke3 Rf3+ 49. Kd4 Rxf2 50. Rxd5+ Kc6 51. Rc5+ Kd6 52. Rg5 e3 53. Kxe3 Rf3+ 54. Ke4 Rxg3 55. Kf4 Rc3 56. Kxg4 Rxc2 57. Rb5 Rc7 58. h5 Ke6 59. Rb6+ Kf7 60. Kf5 Re7 61. b4 Kg8 62. a5 Rh7 63. Ke4 Kf7 64. Kd4 1-0

[Event "Nezhmetdinov Memorial 30th"]
[Site "Kazan"]
[Date "2008.06.04"]
[Round "4"]
[White "Akhmadeev, Vadim"]
[Black "Ospennikov, Dmitry V"]
[Result "1-0"]
[WhiteElo "2397"]
[BlackElo "2241"]
[PlyCount "79"]
[EventDate "2008.06.01"]
[EventType "swiss"]
[EventRounds "9"]
[EventCountry "RUS"]
[SourceTitle "EXT 2009"]
[Source "ChessBase"]
[SourceDate "2008.11.26"]
[SourceVersion "1"]
[SourceVersionDate "2008.11.26"]
[SourceQuality "1"]

1. d4 d5 2. c4 c6 3. Nc3 Nf6 4. e3 e6 5. Nf3 Nbd7 6. Qc2 b6 7. Be2 Bb7 8. 0-0 Bd6 9. e4 dxe4 10. Nxe4 Nxe4 11. Qxe4 Nf6 12. Qc2 h6 13. c5 Bc7 14. Rd1 Qd5 15. a3 0-0 16. b4 a5 17. Bb2 Ba6 18. cxb6 Bxe2 19. Qxe2 Bxb6 20. bxa5 Rxa5 21. Rac1 Qb5 22. Qc2 c5 23. dxc5 Bxc5 24. a4 Qa6 25. Bxf6 gxf6 26. Qd2 Kh7 27. Qf4 Qa7 28. Rf1 f5 29. Rc4 Ra8 30. Qc1 Qe7 31. Qc3 Bd6 32. Qc2 Qa7 33. Rd1 Be5 34. h3 Rg8 35. Nxe5 Rxe5 36. Rc7 Qa8 37. Rxf7+ Kh8 38. f4 Qe4 39. Qb2 Qxf4 40. Re1 1-0

[Event "Nezhmetdinov Memorial 30th"]
[Site "Kazan"]
[Date "2008.06.02"]
[Round "2"]
[White "Akhmadeev, Vadim"]
[Black "Bocharov, Dmitry"]
[Result "0-1"]
[WhiteElo "2397"]
[BlackElo "2569"]
[PlyCount "102"]
[EventDate "2008.06.01"]
[EventType "swiss"]
[EventRounds "9"]
[EventCountry "RUS"]
[SourceTitle "EXT 2009"]
[Source "ChessBase"]
[SourceDate "2008.11.26"]
[SourceVersion "1"]
[SourceVersionDate "2008.11.26"]
[SourceQuality "1"]

1. d4 Nf6 2. c4 e6 3. g3 c5 4. d5 exd5 5. cxd5 b5 6. Bg2 d6 7. e4 g6 8. Ne2 Nbd7 9. 0-0 Bg7 10. Bf4 Qe7 11. Nec3 Nh5 12. Nxb5 Nxf4 13. gxf4 0-0 14. N1c3 a6 15. Na3 Rb8 16. Nc4 Rb4 17. Qe2 Qh4 18. a3 Rxc4 19. Qxc4 Qxf4 20. Ne2 Ne5 21. Nxf4 Nxc4 22. Nd3 Bg4 23. f3 Bd7 24. Rfe1 Rb8 25. Bf1 Nd2 26. Be2 c4 27. Nb4 a5 28. Nc6 Rxb2 29. Rac1 c3 30. Bd1 c2 31. Rxc2 Nxf3+ 32. Kf1 Nxe1 33. Rxb2 Bxb2 34. Kxe1 Bxa3 35. Kd2 Bb4+ 36. Kd3 Kf8 37. Kc4 Bc5 38. Nxa5 Bg1 39. h4 h5 40. Nc6 Bf2 41. e5 Bxh4 42. exd6 Bg3 43. Kc5 Ke8 44. Nb8 Bf2+ 45. Kc4 h4 46. Na6 h3 47. Bf3 g5 48. Nb8 g4 49. Nxd7 gxf3 50. Nf6+ Kd8 51. Ng4 Bg3 0-1

[Event "Kazan Region-ch 6th"]
[Site "Kazan"]
[Date "2008.01.29"]
[Round "7"]
[White "Akhmadeev, Vadim"]
[Black "Pushin, Vladimir"]
[Result "1/2-1/2"]
[WhiteElo "2418"]
[BlackElo "2297"]
[PlyCount "69"]
[EventDate "2008.01.23"]
[EventType "swiss"]
[EventRounds "9"]
[EventCountry "RUS"]
[SourceTitle "CBM 122 Extra"]
[Source "ChessBase"]
[SourceDate "2008.03.04"]
[SourceVersion "1"]
[SourceVersionDate "2008.03.04"]
[SourceQuality "1"]

1. d4 d5 2. c4 c6 3. Nc3 Nf6 4. e3 g6 5. Nf3 Bg7 6. Bd3 0-0 7. 0-0 Bg4 8. h3 Bxf3 9. Qxf3 dxc4 10. Bxc4 Nbd7 11. Rd1 e5 12. Bb3 exd4 13. exd4 Nb6 14. Bg5 Qd6 15. Bf4 Qb4 16. Be5 Nfd7 17. Bxg7 Kxg7 18. Ne4 Rad8 19. Qg3 Nd5 20. a3 Qb6 21. Rac1 N7f6 22. Nc5 Rfe8 23. Re1 Qa5 24. Rxe8 Rxe8 25. Nxb7 Qd2 26. Rd1 Qxb2 27. Nd6 Nc3 28. Nxe8+ Nxe8 29. Re1 Qxb3 30. Rxe8 Ne2+ 31. Rxe2 Qd1+ 32. Kh2 Qxe2 33. f3 Qe7 34. a4 h5 35. Qf4 1/2-1/2

[Event "Kazan Region-ch 6th"]
[Site "Kazan"]
[Date "2008.01.27"]
[Round "5"]
[White "Akhmadeev, Vadim"]
[Black "Vlasov, Andrey"]
[Result "1/2-1/2"]
[WhiteElo "2418"]
[BlackElo "2302"]
[PlyCount "80"]
[EventDate "2008.01.23"]
[EventType "swiss"]
[EventRounds "9"]
[EventCountry "RUS"]
[SourceTitle "CBM 122 Extra"]
[Source "ChessBase"]
[SourceDate "2008.03.04"]
[SourceVersion "1"]
[SourceVersionDate "2008.03.04"]
[SourceQuality "1"]

1. d4 Nf6 2. c4 g6 3. Nc3 Bg7 4. e4 d6 5. f3 0-0 6. Be3 Nc6 7. Nge2 a6 8. Qd2 Rb8 9. h4 h5 10. Nc1 e5 11. d5 Nd4 12. N1e2 c5 13. dxc6 Nxc6 14. Rd1 Be6 15. Nd5 b5 16. Nec3 Nd4 17. b3 Bxd5 18. cxd5 Rc8 19. Bd3 Nd7 20. Ne2 Bf6 21. Bf2 Qe7 22. Bb1 Rc7 23. Rc1 Rfc8 24. Rxc7 Rxc7 25. Kf1 Qd8 26. Nxd4 exd4 27. g3 Rc3 28. Kg2 Qc7 29. Bxd4 Bxd4 30. Qxd4 Ne5 31. Rf1 Rc1 32. Qe3 Rxf1 33. Kxf1 Nxf3 34. Qxf3 Qc1+ 35. Kg2 Qxb1 36. Qe2 Qa1 37. Qc2 Qd4 38. Kf3 Kg7 39. Qc6 Qd3+ 40. Kf2 Qd2+ 1/2-1/2

[Event "Muhamedzjanov Memorial 4th"]
[Site "Nabereznye Chelny"]
[Date "2007.06.18"]
[Round "9"]
[White "Akhmadeev, Vadim"]
[Black "Zubarev, Alexander2222"]
[Result "1/2-1/2"]
[WhiteElo "2430"]
[BlackElo "2511"]
[PlyCount "94"]
[EventDate "2007.06.11"]
[EventType "tourn"]
[EventRounds "9"]
[EventCountry "RUS"]
[EventCategory "7"]
[SourceTitle "CBM 118 Extra"]
[Source "ChessBase"]
[SourceDate "2007.07.04"]
[SourceVersion "1"]
[SourceVersionDate "2007.07.04"]
[SourceQuality "1"]

1. d4 Nf6 2. c4 e6 3. Nc3 Bb4 4. Qc2 d5 5. a3 Bxc3+ 6. Qxc3 c5 7. dxc5 d4 8. Qc2 Nc6 9. b4 e5 10. e4 dxe3 11. Bxe3 a5 12. b5 Nd4 13. Qb2 0-0 14. 0-0-0 Qe7 15. Nf3 Bg4 16. h3 Bxf3 17. gxf3 Nf5 18. Bg5 Rac8 19. Bd3 Nd4 20. f4 Qxc5 21. fxe5 Qxe5 22. Bxf6 Qxf6 23. Qxd4 Qxd4 24. Bxh7+ Kxh7 25. Rxd4 Rc5 26. Kb2 Rf5 27. f4 Re8 28. Rc1 b6 29. Kb3 Re2 30. Rc3 Re6 31. c5 bxc5 32. Rdc4 Re8 33. Ka4 Rc8 34. Kxa5 Ra8+ 35. Kb6 Rb8+ 36. Kc6 Rf6+ 37. Kxc5 Rf5+ 38. Kd6 Rf6+ 39. Ke5 Rxb5+ 40. Rc5 Rb1 41. Rf3 Re6+ 42. Kd5 Rd1+ 43. Kc4 Rc1+ 44. Kb5 Rb1+ 45. Ka5 Re8 46. Rc6 Ra8+ 47. Ra6 Rd8 1/2-1/2

[Event "Muhamedzjanov Memorial 4th"]
[Site "Nabereznye Chelny"]
[Date "2007.06.15"]
[Round "6"]
[White "Akhmadeev, Vadim"]
[Black "Vorontsov, Nikolay"]
[Result "1-0"]
[WhiteElo "2430"]
[BlackElo "2300"]
[PlyCount "73"]
[EventDate "2007.06.11"]
[EventType "tourn"]
[EventRounds "9"]
[EventCountry "RUS"]
[EventCategory "7"]
[SourceTitle "CBM 118 Extra"]
[Source "ChessBase"]
[SourceDate "2007.07.04"]
[SourceVersion "1"]
[SourceVersionDate "2007.07.04"]
[SourceQuality "1"]

1. d4 Nf6 2. c4 g6 3. Nc3 d5 4. Bf4 Bg7 5. e3 c5 6. dxc5 Qa5 7. Rc1 Ne4 8. cxd5 Nxc3 9. Qd2 Qxa2 10. bxc3 Qxd2+ 11. Kxd2 Nd7 12. Bb5 0-0 13. Bxd7 Bxd7 14. e4 f5 15. e5 e6 16. c4 Rfc8 17. c6 bxc6 18. d6 g5 19. Bxg5 Bxe5 20. c5 Rcb8 21. Nf3 Bg7 22. Bf4 Rb2+ 23. Rc2 Rb4 24. g3 Rab8 25. Be5 Bh6+ 26. Ke2 Re4+ 27. Kf1 Rb3 28. Kg2 Rxf3 29. Kxf3 Rxe5 30. Ra1 Be8 31. Rxa7 Bh5+ 32. Kg2 Rd5 33. Rb2 Rd3 34. f4 Bg7 35. Rb8+ Bf8 36. d7 Rd2+ 37. Kf1 1-0

[Event "Nezhmetdinov Memorial 29th"]
[Site "Kazan"]
[Date "2007.06.05"]
[Round "5"]
[White "Voitsekhovsky, Stanislav"]
[Black "Akhmadeev, Vadim"]
[Result "1/2-1/2"]
[WhiteElo "2503"]
[BlackElo "2430"]
[PlyCount "63"]
[EventDate "2007.06.01"]
[EventType "swiss"]
[EventRounds "9"]
[EventCountry "RUS"]
[SourceTitle "CBM 119 Extra"]
[Source "ChessBase"]
[SourceDate "2007.09.04"]
[SourceVersion "1"]
[SourceVersionDate "2007.09.04"]
[SourceQuality "1"]

1. e4 c5 2. Nf3 d6 3. d4 cxd4 4. Nxd4 Nf6 5. Nc3 Nc6 6. Be2 e6 7. 0-0 Be7 8. Be3 0-0 9. f4 a6 10. a4 Qc7 11. Kh1 Re8 12. Bf3 Rb8 13. Qd2 Bd7 14. Nb3 b6 15. Rad1 Bc8 16. Qf2 Nd7 17. g4 Na5 18. Nd4 Bb7 19. Bg2 Bf8 20. Qh4 Nc4 21. Bc1 e5 22. fxe5 Ndxe5 23. Nd5 Bxd5 24. exd5 Ng6 25. Qg3 Nce5 26. b3 b5 27. axb5 axb5 28. h4 Ne7 29. Bf4 N7g6 30. Bc1 Ne7 31. Bf4 N7g6 32. Bc1 1/2-1/2